| 000 | 00580nam a2200205Ia 4500 | ||
|---|---|---|---|
| 003 | OSt | ||
| 005 | 20230626132432.0 | ||
| 008 | 210423s9999 xx 000 0 und d | ||
| 020 | _a- | ||
| 040 | _cAL | ||
| 041 | _aeng | ||
| 082 | _a663.13 CHAS | ||
| 100 |
_aCHAND (Subash);JAIN (S C),Ed. _995846 |
||
| 245 | _aFermentation biotechnology: industrial perspectives. | ||
| 260 |
_aNew Delhi _bAll India Biotech Association _c2003 |
||
| 300 |
_aiii,352,vii _bPB |
||
| 365 |
_b895 _cINR |
||
| 906 | _abiotechnology: ; Fermentation ; industrial ; perspectives | ||
| 942 |
_2ddc _cBK |
||
| 999 |
_c162932 _d162932 |
||